000 00371nam a2200145Ia 4500
008 230711s9999||||xx |||||||||||||| ||und||
041 _aENG
082 _a624
_bRA-W
100 _aRaghuwanshi,B.S
245 2 _aA course in workshop technology
250 _a5th
260 _c1991
_aNew Delhi
_bDhanpat Rai & Co.(Pvt.)Ltd.
650 _aMechanical Engineering
942 _cBK
999 _c2261
_d2261